Medical-surgical nursing care / (Record no. 11289)

MARC details
000 -LEADER
fixed length control field 00657nam a22002172 4500
001 - CONTROL NUMBER
control field 0000019871
005 - DATE AND TIME OF LATEST TRANSACTION
control field 20151217154436.0
008 - FIXED-LENGTH DATA ELEMENTS--GENERAL INFORMATION
fixed length control field 110302s xx 000 0 eng d
020 ## - INTERNATIONAL STANDARD BOOK NUMBER
International Standard Book Number 0131714724 :
040 ## - CATALOGING SOURCE
Original cataloging agency KABU
Transcribing agency KABU
245 10 - TITLE STATEMENT
Title Medical-surgical nursing care /
Statement of responsibility, etc. Karen M. Burke ... [et al].
250 ## - EDITION STATEMENT
Edition statement 2nd ed.
260 ## - PUBLICATION, DISTRIBUTION, ETC. (IMPRINT)
Place of publication, distribution, etc. Upper Saddle River, NJ. :
Name of publisher, distributor, etc. Pearson,
Date of publication, distribution, etc. 2007.
300 ## - PHYSICAL DESCRIPTION
Extent xix, 1384 p. +
Accompanying material 1 CD-ROM.
650 #0 - SUBJECT ADDED ENTRY--TOPICAL TERM
Topical term or geographic name as entry element Surgical nursing.
-- 0000179839
650 #0 - SUBJECT ADDED ENTRY--TOPICAL TERM
Topical term or geographic name as entry element Nursing.
-- 0000155852
700 1# - ADDED ENTRY--PERSONAL NAME
Personal name Burke, Karen M.
-- 0000179840
852 1# - LOCATION
-- p4520 KES
908 ## - PUT COMMAND PARAMETER (RLIN)
Put command parameter 110302
950 ## - LOCAL HOLDINGS (RLIN)
-- 1
Holdings
Withdrawn status Lost status Source of classification or shelving scheme Not for loan Home library Current library Date acquired Total Checkouts Total Renewals Full call number Barcode Date last seen Date last checked out Price effective from Koha item type
    Library of Congress Classification   Kabarak, Main Campus Kabarak, Main Campus 17/12/2015 11 1 RT41 .M43 2007 c. 1 22230 07/02/2020 16/01/2020 17/12/2015 General Collection
Designed with assistance from East African Informatics Ltd